Visualizzazione normale
Vista MARC
- Vivanco, Laura,
di Personal Name
Records bibliografici associati: 1
001 - CONTROL NUMBER
- control field: 11787
003 - CONTROL NUMBER IDENTIFIER
- control field: IT-RoINE
005 - DATE AND TIME OF LATEST TRANSACTION
- control field: 20140915131350.0
008 - FIXED-LENGTH DATA ELEMENTS
- fixed length control field: 140915|| aca||aabn | a|a d
040 ## - CATALOGING SOURCE
- Original cataloging agency: IT-RoINE
- Transcribing agency: IT-RoINE
100 ## - HEADING--PERSONAL NAME
- Personal name: Vivanco, Laura,
- Dates associated with a name: 1974-
670 ## - SOURCE DATA FOUND
- Source citation: Work cat.: (IT-RoINE)0: Vivanco, Laura, 1974-, Death in fifteenth-century Castile :, 2004.